Statistics for FIFA ICON QUIZ

Click here to take the quiz!

General Stats

  • This quiz has been taken 33 times
  • The average score is 9 of 10

Answer Stats

HintAnswer% Correct
Kenny DalglishScotland
100%
Andriy ShevchenkoUkraine
100%
Ferenc PuskasHungary
93%
Jay Jay OkochaNigeria
93%
Hernan CrespoArgentina
90%
Carlos ValderramaColumbia
90%
Hristo StoichkovBulgaria
86%
Marc OvermarsNetherlands
86%
Gheorge HagiRomania
86%
George WeahLiberia
79%

Score Distribution

Percentile by Number Answered

Percent of People with Each Score

Your Score History

You have not taken this quiz